| 000 | 00517nam a2200157Ia 4500 | ||
|---|---|---|---|
| 008 | 150223s9999 xx 000 0 und d | ||
| 020 | _a9710862278 | ||
| 050 |
_aPR 6029 _b.R8A725 1984 |
||
| 100 | _aBall, David. | ||
| 245 |
_aGeorge Orwell's Animal Farm/ _cDavid Ball. |
||
| 260 |
_aNew York : _bBarron's Educational Series, Inc., _c1984 |
||
| 300 |
_a96 pages : _c17 cm. |
||
| 504 | _aIncludes bibliography. | ||
| 650 |
_aEnglish literature _xHistory and criticism. |
||
| 650 |
_aOrwell George 1903-1950 _xAnimal farm |
||
| 999 |
_c283289 _d283289 |
||